000 00203 a2200097 4500
001 44552
100 _aWarnoch
245 _aStrength of Materials
260 _aLondon
_bPitman
_c
090 _c28275
_d28275
942 _aNUST-CAE
_cM
_c20308
999 _c279625
_d279625